Frontiers of the Roman Empire: The Lower Danube Limes in Bulgaria

Saved in:

Main Authors: Dyczek, Piotr (Author), Breeze, David J. (Author)

Format: Book

Published: Oxford Archaeopress Publishing Ltd 2024

Tags: Add Tag

No Tags, Be the first to tag this record!

Call Number:

LEADER 00685namaa2200181 4500
001 9781803277790
003 UkOxAP
005 20260405155013.0
020 |a 9781803277806 
776 1 |x 9781803277790 
245 0 0 |a Frontiers of the Roman Empire: The Lower Danube Limes in Bulgaria 
100 1 |a Dyczek, Piotr  |e Author 
700 1 |a Breeze, David J.  |e Author 
856 4 2 |a http://library.arce.org:8087/Archaeopress/Products/9781803277806 
260 |a Oxford  |b Archaeopress Publishing Ltd  |c 2024 
270 |a Archaeopress Publishing Ltd, Summertown Pavillion, 18 -24 Middle Way, Summertown  |b Oxford  |d United Kingdom  |e OX2 7LG  |k 44-1865-311914  |m info@archaeopress.com 
942 |2 lcc  |c EBOOK 
999 |c 62002  |d 62002